00409nam a22001457a 450000500170000001000150001702000260003203500130005803700130007110000160008424500640010026000370016427000420020130000200024320140507103958.0 aENG-109864 c300.00a9789350450086 aEN-93397 bDBAD/PUB aSen, Ashna 00aModes gomez in the plays of Edward Albee /cby Daphne Gomez aCalcattabWriters Workshopc2009 a162/92 Lake GardensbCalcuttae700045 a249p.c20cm(Hb)